| 000 | 00541nam a2200193Ia 4500 | ||
|---|---|---|---|
| 003 | OSt | ||
| 005 | 20200206151506.0 | ||
| 008 | 190216s9999||||xx |||||||||||||| ||und|| | ||
| 020 | _a9788182710542 | ||
| 040 | _coclc | ||
| 082 |
_a297.61 _bALI/M |
||
| 100 |
_aAli, K K _91870 |
||
| 245 | 0 |
_aMoonnu Muslim Parishkarthakkal / _cK K Ali |
|
| 250 | _a2nd ed. | ||
| 260 |
_bIslamic Publishing House, _aKozhikode: _c2004. |
||
| 300 | _a34p | ||
| 650 | _aIslamic History | ||
| 942 |
_cBK _2ddc _h297.61 _iALI/M _k297.61 _mALI/M |
||
| 999 |
_c22726 _d22726 |
||